000 00480nam a2200157 4500
001 143972
003 ES-MaACL
005 20230906200922.0
007 t|
008 070214s1911 xxk r ||||1| eng d
100 1 _aShaw, Bernard.
_9106025
245 1 4 _aThe sanity of Art
_b: an exposure of the current nonsense about artists being degenerate /
_cby Bernard Shaw.
260 _aLondon :
_bConstable and Co.,
_c1911.
300 _a104 p. ;
_c18 cm.
852 _aES-MaACL
_jG-3512
999 _c143972
_d143972